000 01164nam a2200253Ia 4500
003 OSt
005 20210422121425.0
008 210310s1968 sp ad gr 001 0 spa d
040 _aCO-JMCR
_cCO-JMCR
041 1 _aspa
_heng
082 0 4 _a336 /
_bM987t
_223
100 1 _aMusgrave, Richard Abel,
_915184
_eautor
245 1 0 _aTeoría de la Hacienda Pública /
_bRichar A. Musgrave ; traducción del inglés por José María Lozano Irueste
260 _aMadrid :
_bAguilar,
_c1968
300 _blxxxiv, 668 páginas :
_ailustraciones y gráficos a blanco y negro ;
_c21 cm.
490 0 _aBiblioteca de Ciencias Sociales. Economía ;
_v1
500 _aIncluye notas a pie de página e índices de autores y de materias. Título original: The Theory of Public Finance
505 0 _aExposición de materias -- La satisfacción de las necesidades públicas -- Ajustes a la política presupuestaria. Aspectos clásicos -- La hacienda compensatoria
546 _aTraducido del inglés.
650 1 4 _aHacienda pública
_915186
650 1 4 _aHacienda pública
_xTeorías
_937045
700 1 _aLozano Irueste, José María,
_etraductor
_937046
942 _2ddc
_cBK
999 _c7696
_d7696